Detalles MARC
| 000 -CABECERA |
| fixed length control field |
01880nam a2200409 a 4500 |
| 003 - CONTROL NUMBER IDENTIFIER |
| control field |
AR-BeUNQ |
| 005 - FECHA Y HORA DE LA ULTIMA TRANSACCION |
| control field |
20220224182340.0 |
| 008 - ELEMENTOS DE LONGITUD FIJA-INFORMACION GENERAL |
| fixed length control field |
160301s2012 ag ad d f 000 spa d |
| 020 ## - NUMERO INTERNACIONAL NORMALIZADO PARA LIBROS |
| Número Internacional Normalizado del libro |
9789875475274 |
| 040 ## - FUENTE DE CATALOGACION |
| Agencia de catalogación original |
AR-BeUNQ |
| Idioma de catalogación |
ESPAÑOL |
| 082 04 - NUMERO DE CLASIFICACION DECIMAL DEWEYMBER |
| Número de clasificación |
510.7 |
| Número de la edición |
21 |
| 245 00 - MENCION DE TITULO |
| Título |
Matemática. |
| Número de la parte/sección de la obra |
1. |
| 250 ## - MENCION DE EDICION |
| Mención de edición |
1a ed., 3a reimpr. |
| 260 ## - PUBLICACION, DISTRIBUCION, ETC. |
| Lugar de publicación, distribución, etc. |
San Isidro : |
| Nombre del editor, distribuidor, etc. |
Puerto de Palos, |
| Fecha de publicación, distribución, etc |
c2012. |
| 300 ## - DESCRIPCION FISICA |
| Extensión |
208, 15 p. : |
| Otros detalles físicos |
il., gráficos ; |
| Dimensiones |
27 cm. |
| 490 1# - MENCION DE SERIE |
| Mención de serie |
Activados |
| 500 ## - NOTA GENERAL |
| Nota general |
"Equivalente a 7o.". |
| 505 0# - NOTA DE CONTENIDO |
| Nota de contenido con formato preestablecido |
Números naturales -- Fracciones y expresiones decimales -- Funciones -- Cuerpos -- Ángulos -- Figuras planas -- Perímetro, área y volumen -- Probabilidad y estadística -- Números enteros -- Trabajos prácticos -- Control de resultados -- Foto activados |
| 650 #7 - ASIENTO SECUNDARIO DE MATERIA - TERMINO TEMATICO |
| Término temático o nombre geográfico como elemento de entrada |
Números |
| Fuente del encabezamiento o términ |
spines |
| 650 #7 - ASIENTO SECUNDARIO DE MATERIA - TERMINO TEMATICO |
| Término temático o nombre geográfico como elemento de entrada |
Números racionales |
| Fuente del encabezamiento o términ |
spines |
| 650 #7 - ASIENTO SECUNDARIO DE MATERIA - TERMINO TEMATICO |
| Término temático o nombre geográfico como elemento de entrada |
Funciones (matemáticas) |
| Fuente del encabezamiento o términ |
spines |
| 650 #7 - ASIENTO SECUNDARIO DE MATERIA - TERMINO TEMATICO |
| Término temático o nombre geográfico como elemento de entrada |
Ángulos |
| Fuente del encabezamiento o términ |
spines |
| 650 #7 - ASIENTO SECUNDARIO DE MATERIA - TERMINO TEMATICO |
| Término temático o nombre geográfico como elemento de entrada |
Geometría |
| Fuente del encabezamiento o términ |
spines |
| 650 #7 - ASIENTO SECUNDARIO DE MATERIA - TERMINO TEMATICO |
| Término temático o nombre geográfico como elemento de entrada |
Geometría plana |
| Fuente del encabezamiento o términ |
spines |
| 650 #7 - ASIENTO SECUNDARIO DE MATERIA - TERMINO TEMATICO |
| Término temático o nombre geográfico como elemento de entrada |
Análisis estadístico |
| Fuente del encabezamiento o términ |
spines |
| 650 #7 - ASIENTO SECUNDARIO DE MATERIA - TERMINO TEMATICO |
| Término temático o nombre geográfico como elemento de entrada |
Teoría de probabilidades |
| Fuente del encabezamiento o términ |
spines |
| 650 #7 - ASIENTO SECUNDARIO DE MATERIA - TERMINO TEMATICO |
| Término temático o nombre geográfico como elemento de entrada |
Números enteros |
| Fuente del encabezamiento o términ |
spines |
| 650 #7 - ASIENTO SECUNDARIO DE MATERIA - TERMINO TEMATICO |
| Término temático o nombre geográfico como elemento de entrada |
Enseñanza media |
| Fuente del encabezamiento o términ |
spines |
| 650 #7 - ASIENTO SECUNDARIO DE MATERIA - TERMINO TEMATICO |
| Término temático o nombre geográfico como elemento de entrada |
Manuales |
| Fuente del encabezamiento o términ |
spines |
| 830 #0 - ASIENTO SECUNDARIO DE SERIE--TITULO UNIFORME |
| 9 (RLIN) |
157 |
| Título uniforme |
Activados (Puerto de Palos) |
| Language of a work |
Español |
| 929 ## - DATOS DE ADQUISICION |
| Procedencia |
COMPRA |
| Proveedor |
Stratford Book Services |
| Orden de compra |
2a compra 2016 Exp. 827-0946/16 |
| Precio |
370,00 |
| Fecha de recibido |
20170102 |
| Patrimonio UNQ |
PAT0066206 |
| Número de inventario |
55465 |
| 929 ## - DATOS DE ADQUISICION |
| Procedencia |
COMPRA |
| Proveedor |
Stratford Book Services |
| Orden de compra |
2a compra 2016 Exp. 827-0946/16 |
| Precio |
370,00 |
| Fecha de recibido |
20170102 |
| Patrimonio UNQ |
PAT0066207 |
| Número de inventario |
55466 |
| 929 ## - DATOS DE ADQUISICION |
| Procedencia |
COMPRA |
| Proveedor |
Stratford Book Services |
| Orden de compra |
2a compra 2016 Exp. 827-0946/16 |
| Precio |
370,00 |
| Fecha de recibido |
20170102 |
| Patrimonio UNQ |
PAT0066208 |
| Número de inventario |
55467 |
| 929 ## - DATOS DE ADQUISICION |
| Procedencia |
COMPRA |
| Proveedor |
Stratford Book Services |
| Orden de compra |
2a compra 2016 Exp. 827-0946/16 |
| Precio |
370,00 |
| Fecha de recibido |
20170102 |
| Patrimonio UNQ |
PAT0066209 |
| Número de inventario |
55468 |
| 929 ## - DATOS DE ADQUISICION |
| Procedencia |
COMPRA |
| Proveedor |
Stratford Book Services |
| Orden de compra |
2a compra 2016 Exp. 827-0946/16 |
| Precio |
370,00 |
| Fecha de recibido |
20170102 |
| Patrimonio UNQ |
PAT0066210 |
| Número de inventario |
55469 |
| 942 ## - ELEMENTOS DE PUNTO DE ACCESO ADICIONAL (KOHA) |
| Tipo de ítem Koha |
Libros |
| Suppress in OPAC |
0 |